| 000 | 00917mam a2200289 a 4500 | ||
|---|---|---|---|
| 001 | 2261961 | ||
| 003 | OSt | ||
| 005 | 20150514101407.0 | ||
| 008 | 870813c19691968onc b 001 0 eng d | ||
| 035 | _a(OCoLC)41134292 | ||
| 035 | _a(OCoLC)ocm41134292 | ||
| 035 | _a(NNC)2261961 | ||
| 040 |
_dCSjCiC _dNIC |
||
| 043 | _an-us--- | ||
| 050 |
_aHG 181 _b.L85 1968 |
||
| 082 |
_aHS 301.44 _b.L97 1968 |
||
| 100 | 1 |
_aLundberg, Ferdinand. _d1902- _911007 |
|
| 245 | 1 | 4 |
_aThe rich and the super-rich : _ba study in the power of money today / _cFerdinand Lundberg. |
| 260 |
_aNew York : _bLyle Stuart, Inc., _c1968. |
||
| 300 |
_a883 pages ; _c21 cm. |
||
| 500 | _aIncludes appendix and notes. | ||
| 650 | 0 |
_aCapitalists and financiers _zUnited States. _zUnited States. _911008 |
|
| 650 | 0 |
_aWealth _zUnited States. _911009 |
|
| 650 | 0 |
_aRich people _xUnited States. _911010 |
|
| 942 |
_2lcc _cBK _kFOR |
||
| 999 |
_c283978 _d283978 |
||